000 01609cad a22002415a 4500
001 L154315
008 111111s2011 xxk 000 0 eng d
035 _a(Sirsi) u154315
041 0 _aeng
100 1 _aCreamer, Mark
245 0 0 _aValuing sustainable buildings
_bgreen assets, the role of professional valuers, and assembling an evidence base
_h[electronic resource]
260 _aLondon
_bCBRE
_c2011
490 0 _aCB Richard Ellis EMEA ViewPoint
_vQ3 2011 November 2011, 1-6(6)
520 _aInvestors and occupiers are increasingly recognising that commercial benefits can flow from many of the measures taken to enhance sustainability with some evidence that sustainable buildings are more marketable, requiring less energy than otherwise comparable property. The valuation profession must now consider how and in what way to reflect the commercial benefits in valuations. Although in the foreseeable future a building's sustainability rating will not result in automatic percentage changes in value, nuanced developments over time will see commercial benefits more closely reflected in valuations.
590 _aNTK KA
650 2 4 _aCB RICHARD ELLIS EMEA VIEWPOINT
651 4 _aUnited Kingdom
_y
690 _aPROPERTY-COMMERCIAL PROPERTY-COMMERCIAL PROPERTY VALUATION AND APPRAISAL
690 _aPROPERTY-COMMERCIAL PROPERTY-COMMERCIAL PROPERTY MARKET
700 1 _aSymes-Thompson, John
856 4 0 _uhttps://www.cbre.co.uk/portal/page/portal/uk_en/research
_zView the report free of charge (type valuing sustainable in the keyword box and click on search) at www.cbre.co.uk
942 _n0
999 _c83572
_d83572